| 000 | 01962 a2200241 4500 | ||
|---|---|---|---|
| 001 | 39249 | ||
| 005 | 20260407155651.0 | ||
| 008 | 260407a1985 arg spa d | ||
| 003 | AR-UNSa-BCEJYS | ||
| 040 |
_aAR-UNSa-BCEJYS _bspa _cAR-UNSa-BCEJYS |
||
| 080 |
_a336.74 _xMoneda. Sistema monetario |
||
| 245 | 1 | 0 |
_aLa reforma monetaria _pel austral (Decreto 1096/85) |
| 020 | _a950-21-0764-0 | ||
| 264 | 1 |
_aBuenos Aires : _bPlus Ultra _c1985 |
|
| 300 |
_a203 p. _c20 cm. |
||
| 505 | _a1. Introducción - 2. El Decreto Nº 1096/85 - 3. La economía de guerra - 4. Funciones de la moneda - 5. Inflación y deflación. Revaluación y devaluación - 6. Estrategias sindical y empresaria - 7. El desagio - 8. Nominalismo y valoralismo - 9. Dirigismo y liberalismo - 10. La nueva moneda: El austral - 11. Los saldos en cuenta corriente y cuenta de ahorro. Ordenes de pago y cheques - 12. Obligaciones de dar sumas de dinero - 13. Obligaciones que no sean de dar sumas de dinero -14. Obligaciones de Derecho privado y de derecho público - 15. Obligaciones de dar sumas de dinero no sujetas a cláusulas de estabilización - 16. Obligaciones de dar sumas de dinero sujetas a cláusulas de estabilización - 17. Casuística - 18. Las relaciones creditorias laborales y previsionales del art. 7º del Dec. Nº 1096/85 - 19. Proyección del Reglamento monetario sobre las convenciones de las partes y las cláusulas de ajuste - 20. Limitación del monto de los intereses punitorios en las obligaciones sujetas a ajustes - 21. Autorizaciones, márgenes o limites fijados en los actos jurídicos - 22. Invalidez de reajustes referidos a períodos previos a la reforma monetaria en las obligaciones pactadas en australes - 23. Régimen de recibos y carta de pago de oligaciones pendientes de cumplimiento | ||
| 041 | _aspa | ||
| 942 | _cBK | ||
| 590 | _aniveau_biblio:m niveau_hierar:0 | ||
| 100 | 1 | _aAdrogué, Manuel Ignacio | |
| 650 | _aAUSTRAL | ||
| 650 | _a austral | ||
| 999 |
_c2989 _d2989 |
||